Natural disaster management (Record no. 394404)

000 -LEADER
fixed length control field 00369cam a22001337a 4500
008 - FIXED-LENGTH DATA ELEMENTS--GENERAL INFORMATION
fixed length control field 180718b1999 xxu||||| |||| 00| 0 eng d
082 ## - DEWEY DECIMAL CLASSIFICATION NUMBER
Classification number Q39 In4 (N) (R)
245 ## - TITLE STATEMENT
Title Natural disaster management
Statement of responsibility, etc. edited by Jon Ingleton
260 ## - PUBLICATION, DISTRIBUTION, ETC.
Place of publication, distribution, etc. Leicester
Name of publisher, distributor, etc. Tudor Rose
Date of publication, distribution, etc. 1999
300 ## - PHYSICAL DESCRIPTION
Extent 320p.
650 ## - SUBJECT ADDED ENTRY--TOPICAL TERM
Topical term or geographic name entry element Disaster preparedness
650 ## - SUBJECT ADDED ENTRY--TOPICAL TERM
Topical term or geographic name entry element Disasters
700 ## - ADDED ENTRY--PERSONAL NAME
Personal name Ingleton, Jon

No items available.

Powered by Koha